000 00626nam a22001815i 4500
001 161447
003 ES-MaACL
005 20230906212303.0
008 041019s1875 fr |||| | fre d
040 _aCAM
_bspa
_cCAM
100 1 _aParis
_cVice-Amiral.
_9130862
245 1 0 _aNotice du plan en relief du Canal Maritime de Suez
_b: exposé dans le musée de Marine... /
_cVice-Amiral Pâris.
260 _aParis :
_bCharles de Mourgues Frères,
_c1875.
300 _a124 p. ;
_c19 cm.
610 _aCanal de Suez.
_9223492
852 _aES-MaACL
_jD-1808
_z-- Enc. hol. conservando la cub. original
999 _c161447
_d161447